| 000 | 00895nam a2200229 a 4500 | ||
|---|---|---|---|
| 999 |
_c6436 _d6436 |
||
| 001 | 6436 | ||
| 003 | BD-JhCC | ||
| 005 | 20180123190909.0 | ||
| 008 | 180123s1981 bg ||||| |||| 00| 0 ben d | ||
| 035 | _a(BD-JhCC) | ||
| 040 |
_aBD-JhCC _dBD-JhCC |
||
| 041 | _aben | ||
| 082 |
_a297.124 _bHAB 1981 |
||
| 100 | _aহাবিবুল্লাহ, মুহাম্মদ | ||
| 245 |
_aমুসলিম রাষ্ট্র পরিচালন ব্যবস্থা / _cড: মুহাম্মদ হাবিবুল্লাহ; শরীফ আবদুল্লাহ হারুন |
||
| 260 |
_aঢাকা : _bইসলামী ফাউণ্ডেশন বাংলাদেশ, _c১৯৮১ |
||
| 300 |
_a431 p. : _c20cm. |
||
| 650 | _aIslam and politics | ||
| 700 | _aহারুন, আবদুল্লাহ,শরীফ | ||
| 942 |
_2ddc _cBK |
||